000 01255cam a22003611 4500
001 8964124
003 0454
005 20260319135037.0
008 780930s1967 mx 000 0 spa
010 _a 68100166
035 _a8964124
035 _a(OCoLC)4260612
040 _aDLC
_cNmLcU
_dDLC
_bISTHMUS
042 _apremarc
082 _a720 Ac 37
100 1 _aAcevedo, Jesús T;
245 1 0 _aDisertaciones de un arquitecto/
_cJesús T. Acevedo.
260 _aMéxico
_b[Ediciones de Bellas Artes] Instituto Nacional de Bellas Artes, Departamento de Literatura
_c[1967]
300 _a102 p.
_c22 cm.
336 _atext
_btxt
_2rdacontent
337 _aunmediated
_bn
_2rdamedia
338 _avolume
_bnc
_2rdacarrier
490 0 _aColección Ayer y hoy,
_v5
500 _aPrólogo de Justino Fernández. Notas de Alfonso Reyes y Federico E. Mariscal.
504 _aBibliography: p. [17]
600 _aJesús T
_dAcevedo
_vArquitectura
_xTeoría
610 _2Arquitectura
_vDiseño
648 _2Arquitectura
_xArte
655 _2Arquitectura
906 _a7
_bcbc
_coclcrpl
_du
_encip
_f19
_gy-gencatlg
942 _2ddc
_cBK
_n0
_i720 Ac 37
_k720 Ac 37
999 _c16
_d16